Movies Quiz

Random Movies or Clickable Quiz

Three Movies: 'H' Actors Quiz Stats

Quiz Updated Nov 9, 2014

Challenge
Share
Tweet
Embed
Score 0/30 Timer 07:00
1 Play Today
% Correct
Anne Hathaway
89.5%
Tom Hanks
88.2%
Helen Hunt
85%
Woody Harrelson
84.5%
Audrey Hepburn
84.1%
Dustin Hoffman
79.9%
Daryl Hannah
78.3%
Goldie Hawn
77.9%
Anjelica Huston
77.5%
Salma Hayek
76.5%
Charlton Heston
76.1%
Elizabeth Hurley
74.4%
Anthony Michael Hall
71.5%
Gene Hackman
70.9%
Dennis Hopper
69.2%
% Correct
Katharine Hepburn
69.1%
Bob Hoskins
68.8%
Josh Hartnett
67.3%
Djimon Hounsou
66.9%
Ethan Hawke
66.2%
Holly Hunter
63.9%
Ed Helms
62.3%
Ed Harris
61.5%
Anthony Hopkins
61.4%
Ian Holm
53.5%
John Hurt
50.4%
Rutger Hauer
50.1%
William Hurt
42.4%
John Hawkes
29.1%
Lance Henriksen
27.8%

You're not logged in!

Compare scores with friends on all Sporcle quizzes.
Sign Up with Email
OR
Log In

You Might Also Like...

Show Comments

Extras

Top Quizzes Today


Score Distribution

Your Account Isn't Verified!

In order to create a playlist on Sporcle, you need to verify the email address you used during registration. Go to your Sporcle Settings to finish the process.